| 000 | 00599nam a22001937a 4500 | ||
|---|---|---|---|
| 001 | 00112 | ||
| 003 | DO-SdBNP | ||
| 005 | 20180306095041.0 | ||
| 007 | 00112 | ||
| 008 | 160321b sp 1978 ||||| |||| 00| 0 spa d | ||
| 020 | _a84057098 | ||
| 040 |
_aBPMSU _bspa _cBPMSU |
||
| 245 |
_aEncuentros en la tercera fase : _bla increible historia del primer contacto físico entre los habitantes de la tierra y seres llegados de otros mundo |
||
| 260 |
_aBarcelona : _bBruguera, _c1978. |
||
| 300 |
_a48 p. : _bil., _c30 cm. |
||
| 942 |
_2ddc _cBK |
||
| 945 | _aInventariado, 2018/MFF | ||
| 956 | _aBrenda Tavárez | ||
| 999 |
_c9339 _d9339 |
||